Normal view
MARC view
- Dr. Rafia Mumtaz.
Entry Personal Name
001 - CONTROL NUMBER
- control field: 29059
003 - CONTROL NUMBER IDENTIFIER
- control field: NUST
005 - DATE AND TIME OF LATEST TRANSACTION
- control field: 20200318113343.0
008 - FIXED-LENGTH DATA ELEMENTS
- fixed length control field: 200318|| aca||aabn | a|a d
040 ## - CATALOGING SOURCE
- Original cataloging agency: NUST
- Transcribing agency: NUST
100 ## - HEADING--PERSONAL NAME
- Personal name: Dr. Rafia Mumtaz.
670 ## - SOURCE DATA FOUND
- Source citation: Work cat.: (NUST): Muhammd Waqar, Mirza 29057, Georeferencing of Images by Exploiting Geometric Distortions in Stereo Images of UK DMC /, 2012.
